| 000 | 02986cam a2200289 a 4500 | ||
|---|---|---|---|
| 001 | 15018954 | ||
| 005 | 20150914150938.0 | ||
| 008 | 070924s2008 enk b 001 0 eng | ||
| 010 | _a 2007039299 | ||
| 020 | _a9781847060440 (HB) | ||
| 020 | _a1847060447 (HB) | ||
| 020 | _a9781847060457 (pbk.) | ||
| 020 | _a1847060455 (pbk.) | ||
| 040 |
_aDLC _cDLC _dDLC |
||
| 050 | 0 | 0 |
_aB528 _b.H73 2008 |
| 082 | 0 | 0 |
_a188 _222 |
| 100 | 1 |
_aHolowchak, Mark, _d1958- _919114 |
|
| 245 | 1 | 4 |
_aThe stoics : _ba guide for the perplexed / _cM. Andrew Holowchak. |
| 260 |
_aLondon ; _aNew York : _bContinuum, _cc2008. |
||
| 300 |
_ax, 237 p. ; _c22 cm. |
||
| 504 | _aIncludes bibliographical referenes (p. 229-232) and index. | ||
| 505 | 0 | _aA cosmic spider's web : the stoic cosmos -- Pulled by the hair : how knowledge is possible -- Virtue and invincibility -- No place to shit : the good and conveniences -- Canonical stoic view of indifferents -- Living in agreement with nature -- Homologia : growing toward the good -- Fate and the lazy argument -- On dry ground : stoic apatheia -- Javelin-throwing : rules of right conduct -- Stoic paradoxes : the stoic lapith -- Useless weapons : knowing oneself -- The stoic progressor -- Stoic cosmopolitanism : standing naked before all -- The good life -- The strong odor of truth -- Freedom : leveling fortune -- Lifting the stone of ajax -- A complete life and a good death -- Oikeiosis : securing one's own in the footrace of life -- Authenticity : living with one's door open -- Virtue as peak-performance -- The invincible apprentice -- Invincibility as cosmic integration -- Equanimity in adversity -- Inconveniences : storm-clouds at sea -- Tela fortunae and life on the Dead Sea -- The troubled sleep of the fearful -- Bravery in bedclothes -- Pain: wiping a runny nose -- Anger and the baying of small dogs -- Grief and the broken crystal goblet -- Foulest death vs. fairest servitude -- Bugbears : removing the mask of ignorance -- Equanimity in prosperity -- Gain and the gold-leaf life -- Benefaction: the cornerstone of justice -- Bacchanalian revelry : birds of the night -- Gormandizing and the soft life -- In the footsteps of hercules -- Books and scholarly self-indulgence -- Friendship and self-sufficiency -- Rest and restlessness : Addamus Calcar! -- Rest and retirement : benefiting others -- The heroic course -- Hercules at a crossroads -- The athletic paradigm : winning by endurance -- What would socrates have done? -- Education : saving the shipwrecked mariners -- Teacher as physician : towering above fortune -- Stoic curatives -- Epistemological curatives -- Ethical curatives -- Signs of progress : the contest is now. | |
| 650 | 0 |
_aStoics. _91899 |
|
| 906 |
_a7 _bcbc _corignew _d1 _eecip _f20 _gy-gencatlg |
||
| 942 |
_2lcc _cMONOGRAPH |
||
| 999 |
_c123169 _d123169 |
||